Datum a čas kvízu
30.5
Celkem bodů
Celkový počet nahraných bodů na tomto kvízu bez doplňovacích otázek.
3.
Pořadí na kvízu
Konečné umístění týmu na tomto kvízu.
Zaznamenané odpovědi
| # | Otázka | Odpověď | Body | Výsledky |
|---|---|---|---|---|
| 1. | Nově zvolený poslanec za KDU-Č... | kroj | 1 | |
| 2. | Jedna z evropských zemí schvál... | v Portugalsku | 1 | |
| 3. | Ačkoli nedávno prohlásil, že n... | Tomáš Klus | 1 | |
| 4. | Jistý filmař v roce 1993 spolu... | Peter Jackson | 1 | |
| 5. | Počátkem týdne bylo představen... | 1. Chybí bambule. 2. Místo symbolů k ošetřování jsou použity symboly některých zimních sportů. | 0.5 | |
| 6. | Budeme se zabývat osobnostmi,... | Bertramka; Don Giovanni, La clemenza di Tito | 1 | |
| 7. | Posuneme se do doby přelomu 16... | Edward Kelley | 1 | |
| 8. | Toto je Tonya Graves, americká... | Monkey Business, Obsluhoval jsem anglického krále | 0.5 | |
| 9. | Napíšete-li jméno muže na obrá... | Robert Fulghum, Všechno, co opravdu potřebuju znát, jsem se naučil v mateřské školce | 0 | |
| 10. | Poslední muž v našem výběru ta... | Emanuele Ridi, StarDance …když hvězdy tančí | 0 |